Southville International School and Colleges
Your cart is empty.
  • Cart
  • Lists
    Public lists Eva Luna New books Lux_list list_1
    Your lists Log in to create your own lists
  • Log in to your account
  • Your cookies
  • Search history
Southville International School and Colleges
  • Advanced search
  • Recent comments
  • Most popular
  • Libraries

Log in to your account

Log in with GOOGLE


If you do not have an external account, but do have a local account, you can still log in:

  1. Home
  2. MARC view: Pitbulls and entrepreneurs :
Normal view MARC view ISBD view

Pitbulls and entrepreneurs : (Record no. 25335)

[ view plain ]
MARC details
000 -LEADER
fixed length control field 00629nam a2200205 a 4500
005 - DATE AND TIME OF LATEST TRANSACTION
control field 20140310183617.0
008 - FIXED-LENGTH DATA ELEMENTS--GENERAL INFORMATION
fixed length control field 120904s19uu xx 00 eng d
020 ## - INTERNATIONAL STANDARD BOOK NUMBER
International Standard Book Number 9789719410744
050 ## - LIBRARY OF CONGRESS CALL NUMBER
Classification number HB 615
Item number .M272 2011
100 ## - MAIN ENTRY--PERSONAL NAME
Personal name Mandhyan, Raju
245 ## - TITLE STATEMENT
Title Pitbulls and entrepreneurs :
Remainder of title five ferocious insights that spell business success /
Statement of responsibility, etc Raju Mandhyan.
260 ## - PUBLICATION, DISTRIBUTION, ETC. (IMPRINT)
Place of publication, distribution, etc Manila, Philippines :
Name of publisher, distributor, etc Inner Sun Pub,
Date of publication, distribution, etc 2011.
300 ## - PHYSICAL DESCRIPTION
Extent 104 p. :
Other physical details col. ill. ;
Dimensions 22 cm.
500 ## - GENERAL NOTE
General note Includes index
521 ## - TARGET AUDIENCE NOTE
Target audience note
650 ## - SUBJECT ADDED ENTRY--TOPICAL TERM
Topical term or geographic name as entry element Success in business
650 ## - SUBJECT ADDED ENTRY--TOPICAL TERM
Topical term or geographic name as entry element Entrepreneurship
942 ## - ADDED ENTRY ELEMENTS (KOHA)
Koha item type Books
Source of classification or shelving scheme Library of Congress Classification
Call number prefix Local
Holdings
Withdrawn status Lost status Source of classification or shelving scheme Damaged status Home library Current library Shelving location Date acquired Total Checkouts Full call number Barcode Date last seen Copy number Price effective from Koha item type
    Library of Congress Classification   College Library College Library General Circulation Section 09/04/2012   HB 615 .M272 2011 C15367 05/15/2018 1 10/18/2013 Books

Pitbulls and entrepreneurs :

APA

Mandhyan R., . (2011). Pitbulls and entrepreneurs. Manila, Philippines: Inner Sun Pub.

Chicago

Mandhyan Raju, . 2011. Pitbulls and entrepreneurs. Manila, Philippines: Inner Sun Pub.

Harvard

Mandhyan R., . (2011). Pitbulls and entrepreneurs. Manila, Philippines: Inner Sun Pub.

MLA

Mandhyan Raju, . Pitbulls and entrepreneurs. Manila, Philippines: Inner Sun Pub. 2011.

  • Place hold
  • Print
  • Cite
  • Add to your cart (remove)
  • Save record
    BIBTEX Dublin Core MARCXML MARC (non-Unicode/MARC-8) MARC (Unicode/UTF-8) MARC (Unicode/UTF-8, Standard) MODS (XML) RIS
  • More searches
    Search for this title in:
    Other Libraries (WorldCat) Other Databases (Google Scholar) Online Stores (Bookfinder.com) Open Library (openlibrary.org)

Exporting to Dublin Core...

SOUTHVILLE LIBRARY

Southville International School and Colleges Library

1281 Tropical Ave. Cor. Luxembourg St., BF Homes International, Las Pinas City

Tel. No. 8256374 / 252358 Loc. 117/146

Powered by Koha